000 00422nam a2200157Ia 4500
003 GCL
008 140319s9999 xx 000 0 eng d
040 _aGCL /
_cGCL
082 0 4 _a512.9
_bC C
100 1 _aCHRISTY, DENNIS T.
245 1 0 _aCOLLEGE ALEGEBRA /
_cCHRISTY, DENNIS T.
260 _a[S.N] :
_bWM. C. BROWIN COMMUNICATIONS, INC ،
_c1993
650 0 4 _aALGEBRA
650 0 4 _aGEOMETRY ANALYTIC
942 _2ddc
_cBK
999 _c10199
_d10199